[Event "European Blitz-ch 2018"]
[Site "Skopje"]
[Date "2018.12.06"]
[Round "9"]
[White "Bosiocic, Marin"]
[Black "Dragnev, Valentin"]
[Result "1-0"]
[WhiteElo "2599"]
[BlackElo "2483"]
[Annotator "TA"]
[PlyCount "73"]
[EventDate "2018.12.06"]
[EventType "swiss"]
[EventCountry "MKD"]

{[%evp 12,73,-18,-34,-32,-18,-27,-27,-47,-49,-55,-52,-47,-54,-37,-56,-45,-48,-35,-52,-49,-73,-59,-93,-89,-93,-64,-68,-53,-65,-41,-62,-68,-119,-129,-143,-94,-102,-72,-70,-47,-86,-70,-61,-77,-139,-87,-194,-40,-192,-79,-118,-65,-92,-86,-96,-35,-109,-109,-118,148,0,29998,29999]} 1. c4 e6 2. Nf3 d5 3. g3 Nf6 4. Bg2 dxc4 5. O-O a6 6. a4 Nc6 7. a5 {LiveBook: 19 Games. A13: English Opening: 1...e6} (7. Qc2 Na5 8. Na3 Qd5 9. Rd1 Bd7 10. d4 Qf5 11. Bd2 Qxc2 12. Nxc2 Nb3 13. Ra2 Bc6 14. Ne5 Bd5 {½-½ (68) So,W (2810)-Ding,L (2777) Tbilisi 2017}) 7... Be7 8. Qa4 O-O 9. Qxc4 {Black has an edge.} e5 10. Nc3 $146 ({Predecessor:} 10. d3 Be6 11. Qa4 Nd7 12. Be3 Nc5 13. Bxc5 Bxc5 14. Rc1 Qe7 {½-½ (103) Jobava,B (2685)-Moroni,L (2559) Batumi 2018}) 10... Be6 11. Qa4 Nd7 {[%cal Bf6d7,Bd7c5,Bc5b3][%mdl 32]} 12. d4 exd4 13. Nxd4 Nxd4 14. Qxd4 Nc5 $1 15. Qe3 Nb3 16. Ra4 c6 $1 17. Rd1 Qc7 18. Qf4 Bd8 19. Qf3 Nxc1 20. Rxc1 Be7 21. Qh5 Rad8 22. Be4 (22. Nd5 $1 $15 Bxd5 23. Bxd5) 22... g6 $17 23. Qh6 Bf6 24. Bd3 Qe7 $36 {[%mdl 2048] Black is really pushing.} 25. Ne4 Bg7 26. Qf4 Bxb2 {White must now prevent ...Bb3.} 27. Rb1 Bg7 28. Rab4 (28. Qh4 $142 f6 29. Nd2) 28... Rd7 (28... Bc8 $142 29. Ra4 Rd5) 29. h4 (29. Qh4 $17) 29... Rfd8 $2 (29... c5 $19 30. Ra4 Bd5) 30. h5 $2 ({White has to play} 30. Qg5 $1 $15) 30... Bf5 ({Don't do} 30... gxh5 31. Qg5 $17) (30... f5 $19 {and Black stays clearly on top. And now ...Bd5 would win.} 31. Ng5 Bh6) 31. h6 Be5 32. Qc1 Bd4 33. Qf4 Re8 (33... Kf8 $17 34. Ng5 Bxd3 35. exd3 Be5) 34. Rxd4 (34. Ng5 $15 c5 35. Bxf5 gxf5 36. Rc4) 34... Rxd4 {[#]} 35. Rxb7 $1 {[%mdl 512] [#]} Qd8 $2 {[%mdl 8192] [#]} (35... Qxb7 $2 {loses.} 36. Nf6+ Kh8 37. Qxd4 $18) (35... Qe6 $1 $17 {[%cal Rf5e4]} 36. Rb8 Kf8) 36. f3 ({Only move:} 36. g4 $1 $16 {[%cal Rg4f5]} Qh4 37. Qf3) 36... Bxe4 $2 {[%mdl 8192]} (36... f6 $11) 37. Qxf7+ {[%mdl 64] Double Attack. Accuracy: White = 30%, Black = 48%.} 1-0

[Event "European Blitz-ch 2018"]
[Site "Skopje"]
[Date "2018.12.06"]
[Round "9"]
[White "Perunovic, Milos"]
[Black "Milanovic, Danilo"]
[Result "1/2-1/2"]
[WhiteElo "2597"]
[BlackElo "2494"]
[Annotator "TA"]
[PlyCount "53"]
[EventDate "2018.12.06"]
[EventType "swiss"]
[EventCountry "MKD"]

{[%evp 14,53,68,67,87,59,99,91,79,63,95,83,83,73,79,61,66,71,90,43,74,45,37,0,23,13,34,11,37,10,16,10,32,11,39,-75,-75,-73,5,-43,-50,-94]} 1. e4 d5 2. exd5 Qxd5 3. Nf3 Nf6 4. d4 Bf5 5. c4 Qd8 6. Nc3 {B01: Scandinavian Defence} (6. Qb3 Qc8 7. Nc3 e6 8. Bf4 Be7 9. Nh4 Bg6 10. Nxg6 hxg6 11. g3 Nc6 12. O-O-O Ng4 13. Rd2 Bf6 {1-0 (30) Van den Doel,E (2577)-Tiviakov,S (2668) Dieren 2006}) 6... e6 7. Be2 Be7 8. O-O {LiveBook: 7 Games. White is slightly better.} Nbd7 9. Nh4 $146 ({Predecessor:} 9. h3 c6 10. Bd3 Bg6 11. Bf4 Nb6 12. Qe2 Bxd3 13. Qxd3 {1-0 (57) Sturm,H (1678)-Wallat,S (1618) Verden 2017}) 9... Bg6 10. Nxg6 hxg6 11. Be3 Bd6 12. g3 O-O 13. Bf3 c6 14. Re1 Re8 15. Bg2 Qc7 16. h3 a6 17. Qb3 e5 18. dxe5 Bxe5 19. Rad1 Rad8 20. Qc2 Bd6 21. Ne4 Nxe4 22. Bxe4 Bf8 23. Bg2 Nf6 24. Bg5 (24. a3 $14) 24... Rxe1+ $17 25. Rxe1 Bc5 ({Black should try} 25... Qa5 $17 26. Qc1 Bb4) 26. Bxf6 gxf6 27. Kh2 {Accuracy: White = 22%, Black = 26%.} 1/2-1/2

[Event "European Blitz-ch 2018"]
[Site "Skopje"]
[Date "2018.12.06"]
[Round "9"]
[White "Moroni, Luca Jr"]
[Black "Djukic, Nikola"]
[Result "1-0"]
[WhiteElo "2564"]
[BlackElo "2574"]
[Annotator "TA"]
[PlyCount "61"]
[EventDate "2018.12.06"]
[EventType "swiss"]
[EventCountry "MKD"]

{[%evp 15,61,11,33,-12,0,-4,-16,-44,-45,-48,-38,-45,-43,-28,-28,-53,-79,-93,-18,-23,-18,-44,-37,-57,-24,-26,-37,-42,-50,-34,81,71,65,79,109,72,83,80,2152,870,29986,29987,29995,29995,29995,29996,29997,29994]} 1. d4 Nf6 2. Nf3 g6 3. c4 Bg7 4. g3 O-O 5. Bg2 d5 6. cxd5 Nxd5 7. O-O Nb6 8. e3 Nc6 {[%cal Bb8c6,Bc6b4,Bb4d3,Bd3b2][%mdl 32] LiveBook: 308 Games} 9. Nh4 $146 {D74: Fianchetto Grünfeld: Main Line (5 Nf3 0-0 6 cxd5 Nxd5 7 0-0)} ({Predecessor:} 9. Nc3 e5 10. d5 e4 11. dxc6 Qxd1 12. Rxd1 exf3 13. Bxf3 bxc6 14. Ne2 Nc4 15. Nd4 Ne5 16. Bg2 Rb8 17. Nxc6 Nxc6 18. Bxc6 Bxb2 19. Rb1 Rb6 20. Bf3 Bf6 21. Ba3 Rd8 22. Rxd8+ Bxd8 {½-½ (44) Fedoseev,V (2707)-Vidit,S (2718) Danzhou 2018}) 9... e5 {[%cal Re5d4]} 10. d5 $1 {[%cal Rd5c6]} Nb4 {[%cal Rb4d5]} 11. Nc3 {The position is equal.} c6 $1 {[%cal Rb4d5]} 12. e4 cxd5 13. exd5 f5 14. Qb3 Nd3 15. Be3 e4 16. Rad1 {[#]} g5 (16... Nxb2 $1 $17 {[%mdl 512]} 17. d6+ (17. Qxb2 Na4 $17) 17... Rf7 18. Qxb2 Na4) 17. Nxf5 $11 Bxf5 18. Nxe4 {Threatens to win with d6+.} Nxb2 19. Bxg5 Qd7 20. Rc1 Rac8 21. Nc5 Qf7 22. Ne6 Rxc1 (22... Nd3 $1 $15 {stays ahead.} 23. Rxc8 Rxc8) 23. Rxc1 $16 Bxe6 24. dxe6 Qxf2+ 25. Kh1 Re8 26. e7+ Kh8 $2 {[%mdl 8192]} (26... Qf7 $16) 27. Rf1 $18 Qc5 28. Qf7 {White mates.} Rg8 {[#]} 29. Qxg8+ $1 {[%mdl 576] Remove Defender, Promotion} Kxg8 30. e8=Q+ Bf8 31. Bh6 {Accuracy: White = 60%, Black = 42%.} 1-0

[Event "European Blitz-ch 2018"]
[Site "Skopje"]
[Date "2018.12.06"]
[Round "9"]
[White "Sebenik, Matej"]
[Black "Jovic, Stanoje"]
[Result "1-0"]
[WhiteElo "2536"]
[BlackElo "2240"]
[Annotator "RC"]
[PlyCount "37"]
[EventDate "2018.12.06"]
[EventType "swiss"]
[EventCountry "MKD"]

{[%evp 16,37,38,31,66,69,56,60,313,300,316,317,312,316,317,304,317,315,333,322,383,374,375,342]} 1. Nf3 Nf6 2. c4 e6 3. g3 b6 4. Bg2 Bb7 5. d4 {[%cal Bd2d4,Bd4d5][%mdl 32]} Bb4+ 6. Bd2 Be7 7. O-O O-O 8. Nc3 Ne4 {E16: Queen's Indian: 4 g3 Bb7 5 Bg2 Bb4+} (8... Na6 9. Rc1 Re8 10. Bf4 Ne4 11. Nxe4 Bxe4 12. Qa4 Qc8 13. Rfd1 c5 14. d5 Bf6 15. dxe6 dxe6 16. Ne5 Bxg2 17. Kxg2 Nb4 18. Kg1 Bxe5 19. Bxe5 Nc6 20. Bc3 Qc7 {½-½ (20) Kuzubov,Y (2699)-Rapport,R (2707) Riadh 2017}) 9. d5 {LiveBook: 13 Games} f5 10. Qc2 Nxd2 {White is slightly better.} 11. Nxd2 {And now d6! would win.} a5 $146 {[%mdl 8192] [#]} (11... Bf6 $14) ({Predecessor:} 11... Bf6 12. e4 Na6 13. a3 c6 14. Rfe1 Qc7 15. dxe6 dxe6 16. exf5 exf5 17. Qxf5 Bxc3 {0-1 (33) Stoll,J (2245)-Laven,R Germany 1981}) 12. d6 $1 $18 {[%cal Rd6e7][%mdl 512]} Bxg2 (12... cxd6 13. Bxb7) 13. dxe7 Qxe7 14. Kxg2 Nc6 15. e3 {[%cal Be2e3,Be3e4][%mdl 32]} g5 16. f4 g4 17. e4 Nd4 18. Qd3 c5 19. Ne2 {Precision: White = 100%, Black = 23%.} 1-0

[Event "European Blitz-ch 2018"]
[Site "Skopje"]
[Date "2018.12.06"]
[Round "9"]
[White "Saric, Ante"]
[Black "Arsovic, Zoran"]
[Result "1-0"]
[WhiteElo "2533"]
[BlackElo "2422"]
[Annotator "TA"]
[PlyCount "51"]
[EventDate "2018.12.06"]
[EventType "swiss"]
[EventCountry "MKD"]

{[%evp 21,51,17,25,27,23,32,24,-39,-38,-41,-39,-32,-16,-25,52,41,46,31,37,53,77,52,45,27,68,72,87,81,167,34,1616,1774]} 1. Nf3 c5 2. c4 Nf6 3. Nc3 e6 4. g3 b6 5. Bg2 Bb7 6. O-O d6 7. b3 a6 8. Bb2 Be7 9. e3 O-O 10. d3 Nbd7 11. Qe2 {A30: Symmetrical English: Double Fianchetto and Hedgehog} Qb8 {LiveBook: 3 Games} (11... Re8 12. Rad1 b5 13. Ne1 Bxg2 14. Nxg2 d5 15. g4 g6 16. f4 d4 17. exd4 cxd4 18. Ne4 e5 {0-1 (53) Hambleton,A (2479)-Sargissian,G (2652) Douglas 2017}) 12. Ne1 $146 ({Predecessor:} 12. e4 Ne8 13. d4 cxd4 14. Nxd4 Nef6 15. Rad1 Re8 16. Rfe1 Qa7 17. h3 Rac8 18. Kh2 Qa8 {0-1 (35) Bellin,R (2355)-Croad,N (2282) England 2013}) 12... b5 13. f4 {White has an edge.} d5 14. g4 (14. cxb5 $11 axb5 15. Nxb5) 14... bxc4 15. dxc4 dxc4 16. g5 Bxg2 17. Nxg2 Nd5 ({Black should play} 17... Ne8 $1 $11) 18. bxc4 $14 Nxc3 19. Bxc3 Qb7 20. e4 Rab8 21. h4 f6 22. Rae1 Qc6 23. Qg4 Nb6 24. f5 {Threatens to win with gxf6.} Nxc4 {[#]} (24... e5 $16 {was called for.}) 25. fxe6 (25. gxf6 $1 $18 Bxf6 26. Bxf6 Rxf6 27. e5 Nxe5 28. Rxe5) 25... Rb6 $2 {[%mdl 8192]} (25... Ne5 $14 26. Qg3 Qxe6) 26. gxf6 {Accuracy: White = 48%, Black = 35%.} 1-0

[Event "European Blitz-ch 2018"]
[Site "Skopje"]
[Date "2018.12.06"]
[Round "9"]
[White "Lobanov, Sergei"]
[Black "Georgiev, Kiril"]
[Result "1-0"]
[WhiteElo "2526"]
[BlackElo "2595"]
[Annotator "TA"]
[PlyCount "142"]
[EventDate "2018.12.06"]
[EventType "swiss"]
[EventCountry "MKD"]

{[%evp 23,142,-55,32,37,37,40,39,27,85,70,92,85,161,79,230,239,284,281,287,300,329,341,355,375,385,370,514,472,489,312,432,261,295,75,52,-14,0,-46,-46,-45,0,0,0,0,0,0,0,0,0,0,119,29,221,210,217,89,159,152,326,322,299,152,145,69,169,185,325,300,309,302,338,297,321,171,218,210,167,72,171,79,236,195,233,0,548,548,775,775,1140,1106,2961,2927,2104,891,718,515,506,418,422,422,422,410,422,422,422,0,254,0,397,332,422,410,654,643,617,568,29979,29980,6223,705,919]} 1. e4 c5 2. Nf3 d6 3. d4 cxd4 4. Nxd4 Nf6 5. Nc3 a6 6. f3 e5 7. Nb3 Be6 8. Be3 Nbd7 9. Qd2 h5 10. Be2 Rc8 {B90: Sicilian Najdorf: Unusual White 6th moves, 6 Be3 Ng4 and 6 Be3 e5} 11. Nd5 Bxd5 12. exd5 g6 {LiveBook: 3 Games} ({Black should play} 12... Nb6 $15) 13. Na5 Qc7 14. c4 Bg7 15. O-O O-O (15... e4 $11 {keeps the balance.}) 16. Rac1 e4 {[#]} 17. f4 $146 Rfe8 (17... Nc5 $16 {keeps fighting.}) 18. h3 (18. b4 $1 $18 {and White stays clearly on top.}) 18... h4 $2 (18... Nc5 $16) 19. b4 $18 b6 20. Nc6 {[%cal Ba5c6,Bc6d4,Bd4b5][%mdl 32]} Nb8 21. Nd4 Nbd7 22. Qe1 a5 23. Nb5 ({Don't play} 23. Qxh4 axb4 24. Nb5 Qb8 $18) 23... Qb8 24. bxa5 Nc5 25. Rb1 bxa5 {If only Black now had time for ...Nd3....} 26. Qxa5 Red8 27. Nd4 Qa8 28. Qxa8 $2 (28. Qd2 $18) 28... Rxa8 $16 29. Rb2 (29. f5 $14) 29... Nfd7 30. Rd2 Ra3 31. Kf2 $1 Rda8 (31... Bxd4 $5 32. Rxd4 Rxa2 $15) 32. Nb5 Rxa2 33. Nxd6 Rxd2 34. Bxd2 Ra2 35. Rd1 $1 Bd4+ 36. Kf1 Nb3 (36... f5 $11 {remains equal.}) 37. Be1 (37. Nxe4 $16 {Black must now prevent Be1.} Nxd2+ 38. Rxd2 Rxd2 39. Nxd2) 37... Be3 $2 (37... Ndc5 $11 {and Black has nothing to worry.}) 38. Nxe4 $18 f5 39. Ng5 (39. c5 $1 $18 {[%cal Rc5c6] and the rest is easy.} fxe4 40. c6) 39... Nd2+ (39... Bxf4 $142 40. Ne6 (40. Bxh4 Nc1 $16) 40... Bg3) 40. Bxd2 $1 $16 Bxd2 $2 (40... Rxd2 $16 41. Rxd2 Bxd2) 41. Ne6 $18 Be3 42. Bf3 ({White must play} 42. d6 $1 $18) 42... Kf7 $16 {[#]} 43. Rd3 (43. Rb1 $1 $16) 43... Bc5 (43... Bb6 $1 $14) 44. Rb3 $18 {Threatens to win with Rb7.} Ra1+ (44... Bd6 {might work better.} 45. Rb5 Rc2) 45. Ke2 Ra2+ 46. Kd1 Ke8 47. Rb7 Bd6 48. Kc1 (48. Rb5 $142) 48... Nc5 49. Nxc5 Bxc5 {[%mdl 4096] Endgame KRB-KRB} 50. Rg7 (50. Rb5 $18 Bd6 51. c5 Bxf4+ 52. Kb1) 50... Ra6 (50... Ra4 $16) 51. Kc2 (51. Rg8+ $18 {is more deadly.} Bf8 52. d6 Rxd6 53. Bd5) 51... Rb6 $2 (51... Ra4 $16 {was worth a try.}) 52. Rh7 Bf2 53. Rg7 $2 (53. Kc3 $18) 53... Kf8 $2 {[%mdl 8192]} (53... Bc5 $1 $11 {and Black stays safe.}) 54. Rc7 Ra6 55. c5 {[%cal Bc4c5,Bc5c6][%mdl 32]} Ra5 56. c6 Rc5+ 57. Kd3 Bg3 58. Rh7 (58. d6 $142 Bxf4 59. Rc8+ Kg7 60. d7) 58... Bxf4 59. Rxh4 Be5 60. Ra4 Ke7 61. Ra7+ Kf6 62. Rd7 Rc3+ 63. Kd2 Rc4 64. Kd3 Rc3+ {[#]} 65. Kd2 (65. Ke2 $142 $1) 65... Rc4 $1 66. Be2 Rd4+ 67. Ke3 Rb4 (67... Re4+ $142 68. Kf2 Rf4+ 69. Ke1 Rd4) 68. c7 Rb3+ 69. Kf2 Bd4+ 70. Ke1 Rc3 71. d6 (71. Rd6+ $142 Ke5 72. Rc6 Kxd5 73. c8=Q Rxc6 74. Bf3+ {[%mdl 64] Skewer} Ke5 75. Qxc6) 71... Bb6 {Accuracy: White = 36%, Black = 20%.} 1-0

[Event "European Blitz-ch 2018"]
[Site "Skopje"]
[Date "2018.12.06"]
[Round "9"]
[White "Santos Ruiz, Miguel"]
[Black "Salgado Lopez, Ivan"]
[Result "1/2-1/2"]
[WhiteElo "2523"]
[BlackElo "2629"]
[Annotator "TA"]
[PlyCount "52"]
[EventDate "2018.12.06"]
[EventType "swiss"]
[EventCountry "MKD"]

{[%evp 18,52,7,0,38,0,-4,-14,0,-19,-6,-17,-14,-8,-8,-22,-7,-14,-14,-20,20,-8,0,0,0,0,0,-18,0,0,0,0,0,0,0,0,0]} 1. c4 b6 2. Nc3 c5 3. Nf3 Bb7 4. e3 g6 5. b3 Bg7 6. Bb2 Nf6 7. Be2 O-O 8. O-O d5 {A30: Symmetrical English: Double Fianchetto and Hedgehog} 9. Nxd5 (9. cxd5 Nxd5 10. Rc1 Nc6 11. Qc2 Ndb4 12. Qb1 Ba6 13. Bxa6 Nxa6 14. d4 cxd4 15. Nb5 Qd5 16. Nbxd4 Nxd4 17. Bxd4 {0-1 (67) Karjakin,S (2773)-So,W (2780) Saint Louis 2018}) 9... Nxd5 10. Bxg7 {LiveBook: 11 Games} Nxe3 11. dxe3 Kxg7 $146 {The position is equal.} ({Predecessor:} 11... Qxd1 12. Rfxd1 Kxg7 13. Rd2 Nc6 14. Rad1 Rfd8 15. Kf1 Rxd2 16. Rxd2 {0-1 (47) Kroeger,A (1548)-Schreck,U (1390) Germany 2005}) 12. Qc2 Nd7 13. a3 Qc7 14. Rfd1 Rfd8 15. b4 Nf6 16. b5 a6 17. a4 a5 18. Qb2 Kg8 19. Ne5 Rxd1+ 20. Rxd1 Rd8 21. Rxd8+ Qxd8 22. Bf3 Bxf3 23. gxf3 Qd1+ 24. Kg2 Nd7 ({Much weaker is} 24... Qxa4 $6 25. Qd2 $16) 25. Nxd7 Qxd7 26. Qe5 {[#] Black must now prevent Qb8+.} Qd6 {Accuracy: White = 24%, Black = 50%.} 1/2-1/2

[Event "European Blitz-ch 2018"]
[Site "Skopje"]
[Date "2018.12.06"]
[Round "9"]
[White "Nenezic, Marko"]
[Black "Dimitrov, Radoslav"]
[Result "1-0"]
[WhiteElo "2515"]
[BlackElo "2534"]
[Annotator "TA"]
[PlyCount "107"]
[EventDate "2018.12.06"]
[EventType "swiss"]
[EventCountry "MKD"]

{[%evp 23,107,54,49,26,26,26,17,18,42,5,50,31,44,43,54,54,50,50,56,46,55,50,96,44,59,71,236,229,323,323,323,310,322,330,318,322,308,300,307,289,358,308,349,339,680,680,719,717,708,707,795,786,795,764,1044,1048,1024,946,919,934,991,958,1017,1006,1321,1322,1285,1295,6195,6183,4906,4906,1862,1467,1969,1764,29976,3378,29981,29982,29984,29985,29991,29992,29993,29994]} 1. Nf3 {[%cal Bg1f3,Bf3d4,Bd4b5,Bb5d6][%mdl 32]} c5 2. c4 Nc6 3. d4 cxd4 4. Nxd4 e6 5. Nc3 Nf6 6. Bf4 Bc5 7. Ndb5 O-O 8. Bd6 Bxd6 9. Nxd6 Ne8 10. e3 {[%cal Be2e3,Be3d4,Bd4d5][%mdl 32] A33: Symmetrical English: 2 Nf3 Nf6 3 d4 cxd4 4 Nxd4 e6 5 Nc3 Nc6} Qb6 11. Rb1 Ne5 (11... Qb4 12. Nxe8 Rxe8 13. Be2 Rd8 14. O-O b6 15. a3 Qe7 16. Bf3 Bb7 17. Qa4 Na5 18. Bxb7 Nxb7 {½-½ (77) Filippov,V (2630)-Zvjaginsev,V (2653) Rethymno 2003}) 12. Nxe8 Rxe8 {LiveBook: 3 Games} 13. Qd4 Qxd4 $146 ({Predecessor:} 13... d6 14. Be2 Rd8 15. O-O Bd7 16. Rfd1 Bc6 17. Rd2 Qc7 {1-0 (38) Przedmojski,R (2359)-Wiech,G (2330) Warsaw 1999}) 14. exd4 Nc6 15. Nb5 {Threatens to win with Nc7.} Rd8 16. Rd1 (16. d5 $5 {[%cal Rd5c6]}) 16... b6 17. Be2 a6 18. Nd6 Kf8 19. d5 Ne5 20. f4 Ng6 21. O-O Ke7 22. Ne4 d6 {[#]} 23. g3 (23. dxe6 $1 $16 fxe6 24. Bh5) 23... f5 24. Ng5 $36 {[%mdl 2048] Keeping Black busy.} exd5 $2 (24... e5 $16) 25. Bf3 $18 ({Don't play} 25. Nxh7 Bb7) (25. cxd5 h6 $16) 25... h6 (25... Nf8 {was necessary.} 26. Bxd5 Rb8 27. Rfe1+ Kf6) 26. Rfe1+ ({Don't do} 26. Bxd5 hxg5 27. Rde1+ Kf6 $18) 26... Kd7 27. Ne6 (27. Rxd5 hxg5 28. Rxf5 Kc7 $18) 27... Bb7 28. Nxd8 Rxd8 29. Bxd5 (29. cxd5 Ne7 $18) 29... Bxd5 30. Rxd5 {[%mdl 4096] Endgame KRR-KRN} ({Resist} 30. cxd5 Ne7 $18) 30... Ne7 31. Rd2 Nc6 32. b3 g6 33. Kg2 b5 $2 (33... Rf8 34. Rde2 Rg8) 34. c5 Kc7 35. Re6 d5 36. Rxg6 d4 37. Rxh6 d3 {[#]} 38. Rd6 $1 Re8 (38... Rxd6 39. cxd6+) 39. R6xd3 Nb4 40. Rf3 a5 41. h4 Na6 42. Rc3 b4 43. Rc4 Kc6 44. Rd6+ Kb7 45. c6+ Kc7 46. Rd7+ Kc8 47. Ra7 Nc7 48. Rxa5 Re2+ 49. Kf3 Rb2 50. Rxb4 (50. Rxf5 $142 Rd2 51. Rf8+ Rd8 52. Rxd8+ Kxd8 53. h5 Ne8 54. Rxb4 Kc8 55. h6) 50... Ne6 51. Re5 {White mates.} Nd8 52. Rc4 Kc7 53. Re7+ Kc8 54. c7 {Precision: White = 63%, Black = 22%.} 1-0

[Event "European Blitz-ch 2018"]
[Site "Skopje"]
[Date "2018.12.06"]
[Round "9"]
[White "Valsecchi, Alessio"]
[Black "Mamedov, Rauf"]
[Result "0-1"]
[WhiteElo "2497"]
[BlackElo "2703"]
[Annotator "TA"]
[PlyCount "62"]
[EventDate "2018.12.06"]
[EventType "swiss"]
[EventCountry "MKD"]

{[%evp 17,62,0,0,-13,-4,-3,0,-56,9,4,10,-17,-19,-32,-26,-19,0,-14,-20,-14,-11,-8,0,-12,-5,-93,-94,-90,-89,-87,-90,-810,-818,-823,-819,-795,-778,-762,-754,-2698,-2459,-29975,-29976,-6720,-5798,-2170,-2171]} 1. c4 c5 2. Nf3 g6 3. d4 cxd4 4. Nxd4 Bg7 5. e4 Nc6 6. Be3 Qb6 7. Nb5 {B38: Sicilian: Maroczy Bind with 5...Bg7 and 7...0-0} (7. Nb3 Qd8 8. Qd2 Nf6 9. Nc3 O-O 10. Be2 d6 11. O-O a5 12. Nd4 a4 13. Ndb5 Qa5 14. f3 Be6 {½-½ (22) Bacrot,E (2715)-Iturrizaga Bonelli,E (2662) Linares 2017}) 7... Qa5+ 8. Bd2 Qd8 9. Bc3 Nf6 {LiveBook: 5 Games} 10. Bd3 d6 11. O-O O-O 12. Nd2 (12. b3 $11) 12... Bg4 (12... a6 $15 13. Nd4 Nxe4 14. Bxe4 Bxd4) 13. Be2 $11 Bd7 14. Rc1 $146 ({Predecessor:} 14. Kh1 Rc8 15. Rb1 a6 {1-0 (60) Klings,P (2102)-Hansen,S (1816) Helsingor 2018}) 14... Qb6 15. b3 a6 $36 {[%mdl 2048] Black is pushing.} 16. Na3 Nb4 17. Ra1 Bc6 18. Nc2 a5 19. a3 Nxc2 20. Qxc2 Rfc8 21. b4 (21. Qd3 $11) 21... axb4 $17 22. axb4 Rxa1 23. Rxa1 {[#]} Nxe4 $1 {[%cal Bf6e4,Be4c3,Bc3e2][%mdl 608] Double Attack, Discovered Attack} 24. c5 $2 {[%mdl 8192]} (24. Nxe4 $17 Bxe4 25. Qd2) 24... Nxc3 $19 25. cxb6 Nxe2+ 26. Kf1 Bxa1 27. Qa2 Bb5 {[%cal Rc8c1] [#]} 28. Nc4 Rxc4 {[%cal Rc4c1]} 29. Qa8+ Kg7 {[%cal Rc4c1]} 30. Qxa1+ f6 31. Ke1 Rc1+ {Accuracy: White = 41%, Black = 67%.} 0-1

[Event "European Blitz-ch 2018"]
[Site "Skopje"]
[Date "2018.12.06"]
[Round "9"]
[White "Sanal, Vahap"]
[Black "Ivic, Velimir"]
[Result "0-1"]
[WhiteElo "2490"]
[BlackElo "2497"]
[Annotator "TA"]
[PlyCount "119"]
[EventDate "2018.12.06"]
[EventType "swiss"]
[EventCountry "MKD"]

{[%evp 14,119,32,29,28,28,36,34,35,30,49,35,106,110,128,127,142,125,129,24,39,21,31,11,30,24,54,44,98,29,43,19,22,6,17,19,43,20,23,29,30,0,0,-13,0,-52,6,-74,-74,-79,-75,-62,-68,-68,-68,-131,-132,-120,-110,-254,-244,-243,-224,-377,-387,-380,-387,-422,-347,-367,-384,-481,-479,-478,-458,-613,-607,-1852,-1880,-1730,-1655,-1260,-763,-844,-820,-790,-779,-703,-697,-691,-671,-678,-664,-675,-644,-572,-629,-567,-559,-976,-945,-1696,-1452,-1304,-1078,-29986,-29987,-29987]} 1. Nf3 Nf6 2. d4 g6 3. Nbd2 d5 4. e3 Bg7 5. b4 O-O 6. Be2 {D02: 1 d4 d5 2 Nf3 sidelines, including 2...Nf6 3 g3 and 2...Nf6 3 Bf4} (6. c4 a5 7. b5 c5 8. Bb2 Nbd7 9. Be2 b6 10. O-O Bb7 11. Rc1 Rc8 12. cxd5 Bxd5 13. Bc4 Bb7 14. Qe2 {1-0 (45) Inarkiev,E (2690)-Wei,Y (2735) Magas 2018}) 6... b6 7. Bb2 Nbd7 8. b5 {LiveBook: 5 Games. White is slightly better.} a6 9. a4 axb5 $146 ({Predecessor:} 9... Ne8 10. O-O Nd6 11. Bd3 Bb7 12. Qe2 Qc8 13. Ne5 Nxe5 14. dxe5 {1-0 (34) Mateuta,G (2469)-Voiteanu,C (2288) Bucharest 2004}) 10. axb5 Rxa1 11. Qxa1 Ne8 12. Qa8 Nd6 (12... Ndf6 $1 $14) 13. Qxd5 $16 Bb7 14. Qb3 Qe8 15. Qc3 Nf6 16. O-O (16. Qb4 $16) 16... Nxb5 $11 17. Qb3 Nd6 {[%cal Bb5d6,Bd6e4,Be4d2][%mdl 32]} 18. c4 Nde4 19. Ra1 Nxd2 20. Nxd2 Ne4 (20... Nd7 $14) 21. Nf3 (21. Nxe4 $16 Bxe4 22. f3) 21... Qc6 22. d5 Qd6 23. Nd4 Nc5 24. Qc2 Qd7 25. Ra7 (25. Nb3 {looks sharper.} Na4 26. Bxg7 Kxg7 27. Qd2 Ra8 28. Qb4) 25... Ra8 26. Rxa8+ Bxa8 27. h3 e6 28. e4 Bb7 29. Bc3 ({Better is} 29. Nb3 $11 Nxb3 30. Qxb3) 29... Ba6 (29... Qa4 $15 30. Qxa4 Nxa4) 30. g3 (30. Nb3 $11) 30... Qa4 $36 {[%mdl 2048] White is under strong pressure.} 31. Qxa4 Nxa4 32. Ba1 exd5 33. exd5 Nc5 34. Bc3 {[#]} (34. Nc2 $15) 34... Ne4 $1 {[%cal Re4c3]} 35. Ba1 Nd6 36. Nb3 (36. Kf1 $17 {was worth a try.}) 36... Bxa1 $19 ({Much less strong is} 36... Nxc4 37. Bd4 $17) (36... Bxc4 37. Bxc4 Nxc4 38. Bd4 $17) 37. Nxa1 Bxc4 {[%mdl 4096] Endgame KBN-KBN} 38. Bf3 $2 (38. Bxc4 {is the only way for White.} Nxc4 39. Kg2) 38... Kf8 39. Nc2 Ke7 40. Nb4 Bb5 41. h4 Kf6 42. Bd1 Ke5 43. h5 Kd4 44. g4 Kc3 45. Nc2 Ba4 46. Ne3 Bxd1 47. Nxd1+ {KN-KN} Kd4 48. h6 Kxd5 49. Kf1 Ke4 50. Ke2 Kf4 51. f3 Kg5 52. Nc3 c6 53. Ke3 Kxh6 54. Kf4 f6 55. Na4 Nc4 56. Ke4 Kg5 57. Kd4 h5 58. gxh5 gxh5 59. Kxc4 b5+ {[%mdl 64] [#] Double Attack} 60. Kd4 {Accuracy: White = 20%, Black = 62%.} 0-1